General Knowledge Quiz # 3 - Statistics

General Stats
  • This quiz has been taken 1,048 times
    1,013 since last reset
  • The average score is 6 of 15
Answer Stats
Question Answer % Correct
Who is the villain in Lion King ? Scar
83%
Where was Samsung founded ? South Korea
75%
What is the capital city of Romania ? Bucharest
65%
Where is Mario Balotelli from ? Italy
65%
Who was the 2nd Us president ? John Adams
60%
Who is the supreme leader of North Korea ? Kim Jong Un
58%
What is the capital of New York ? Albany
55%
Who is the cowgirl in toy story ? Jessie
47%
Who was the first man in space ? Yuri Gagarin
40%
What year did Czech Republic and Slovakia become split ? 1993
37%
Who won 2015 Wimbledon mens ? Novak Djokovic
13%
When is George Washington's birthday ? February 22nd
8%
Who hosts the TV show Catchphrase ? Stephen Mulhern
6%
What is the currency of Maldives ? Maldivian Rufiyaa
2%
Who is the president of Nigeria ? Muhammadu Buhari
2%
No matching quizzes found
Score Distribution
Percent of People with Each Score
Percentile by Number Answered
Your Score History
You have not taken this quiz since the last reset